Účtovníctvo a audítorstvo v procese svetovej harmonizácie zborník z medzinárodnej vedeckej konferencie, 7.-9. septembra 2021, (Skalica, Slovensko)

Salvato in:
Dettagli Bibliografici
Enti autori: Účtovníctvo a audítorstvo v procese svetovej harmonizácie. medzinárodná vedecká konferencia, Ekonomická univerzita v Bratislave, Vysoká škola ekonomická v Praze
Altri autori: Vašeková, Miroslava, 1978-, Hora, Michal, Soukupová, Božena, Procházka, David, Tumpach, Miloš, 1970-
Natura: Libro
Lingua:slovacco
inglese
Pubblicazione: Bratislava Vydavateľstvo EKONÓM 2021
Edizione:1. vydanie
Soggetti:
Tags: Aggiungi Tag
Nessun Tag, puoi essere il primo ad aggiungerne!!

MARC

LEADER 00000nam a2200000 4500
001 0278558
005 20240221111523.3
020 |a 978-80-225-4847-2 
041 0 |a slo 
041 0 |a eng 
044 |a SK 
245 1 0 |a Účtovníctvo a audítorstvo v procese svetovej harmonizácie  |b zborník z medzinárodnej vedeckej konferencie, 7.-9. septembra 2021, (Skalica, Slovensko)  |c zborník zostavili: Miroslava Vašeková, Michal Hora 
250 |a 1. vydanie 
264 1 |a Bratislava  |b Vydavateľstvo EKONÓM  |c 2021 
300 |a 164 s. 
610 2 0 |a účtovníctvo 
610 2 0 |a audítorstvo 
610 2 0 |a spolupráca medzinárodná 
610 2 0 |a harmonizácia 
610 2 0 |a svet 
610 2 0 |a Slovensko 
610 2 0 |a Česko 
700 1 |a Vašeková, Miroslava, 1978- 
700 1 |a Hora, Michal 
700 1 |a Soukupová, Božena 
700 1 |a Procházka, David 
700 1 |a Tumpach, Miloš, 1970- 
110 2 |a Účtovníctvo a audítorstvo v procese svetovej harmonizácie. medzinárodná vedecká konferencia 
710 2 |a Ekonomická univerzita v Bratislave 
710 2 |a Vysoká škola ekonomická v Praze